[Event "Ruhrgebiet Seniors op 13th"]
[Site "Essen"]
[Date "2006.03.29"]
[Round "2"]
[White "Dahlhaus, Friedhelm"]
[Black "Kohlschmidt, Christoph"]
[Result "1-0"]
[WhiteElo "1976"]
[BlackElo "1804"]
[PlyCount "117"]
[EventDate "2006.03.28"]
[EventType "swiss"]
[EventRounds "9"]
[EventCountry "GER"]
[SourceTitle "EXT 2007"]
[Source "ChessBase"]
[SourceDate "2006.11.23"]
[SourceVersion "1"]
[SourceVersionDate "2006.11.23"]
[SourceQuality "1"]

1. e4 e5 2. Nf3 Nc6 3. Bb5 Bc5 4. c3 Nge7 5. d4 exd4 6. cxd4 Bb4+ 7. Bd2 Bxd2+ 8. Qxd2 d5 9. exd5 Qxd5 10. Nc3 Qe6+ 11. Kf1 a6 12. d5 Qd6 13. dxc6 axb5 14. Qxd6 cxd6 15. Nxb5 Kf8 16. Nxd6 bxc6 17. Nxc8 Nxc8 18. Ke2 f6 19. Rhc1 Ne7 20. Nd4 Ra6 21. a3 Kf7 22. Rc4 Rb8 23. b4 Rba8 24. Nc2 Nd5 25. Rd1 g5 26. g3 h5 27. Rd3 R8a7 28. h4 g4 29. Kd2 f5 30. Rc5 Ne7 31. Rd6 Kg7 32. Kc3 Rb6 33. Kb3 Rba6 34. Kc4 Rb6 35. Re6 Rba6 36. Rce5 Kf7 37. Rh6 Rd7 38. Rxh5 Kf6 39. Re2 Ng6 40. Nd4 Ne5+ 41. Rxe5 Kxe5 42. Rxf5+ Kd6 43. a4 Rxa4 44. Rf6+ Ke7 45. Rxc6 Rb7 46. Nc2 Kd7 47. Rg6 Rc7+ 48. Kb3 Ra8 49. Rxg4 Rac8 50. Rg7+ Kd6 51. Rg6+ Ke5 52. Ne3 Rc1 53. Rg5+ Ke4 54. Nd5 Rb1+ 55. Ka4 Rf1 56. Nf6+ Kd4 57. Rg4+ Ke5 58. Rf4 Rc2 59. Rf5+ 1-0

[Event "Essen op04"]
[Site "Essen"]
[Date "2005.04.20"]
[Round "9"]
[White "Grabowski, Johann"]
[Black "Kohlschmidt, Christoph"]
[Result "1-0"]
[WhiteElo "1771"]
[BlackElo "1775"]
[PlyCount "84"]
[EventDate "2005.04.04"]
[EventType "swiss"]
[EventRounds "9"]
[EventCountry "GER"]
[SourceTitle "EXT 2007"]
[Source "ChessBase"]
[SourceDate "2006.11.23"]
[SourceVersion "1"]
[SourceVersionDate "2006.11.23"]
[SourceQuality "1"]

1. e4 e5 2. Nf3 Nc6 3. Bb5 Bc5 4. c3 Nf6 5. d3 0-0 6. 0-0 d6 7. h3 h6 8. Nbd2 Ne7 9. b4 Bb6 10. Nc4 c6 11. Ba4 Bc7 12. Bc2 b5 13. Ne3 a5 14. Bb2 a4 15. a3 d5 16. Qe2 Ng6 17. Rfd1 Nf4 18. Qf1 Qe7 19. Nf5 Qe6 20. g3 N4h5 21. Bc1 Kh7 22. g4 Nf4 23. Bxf4 exf4 24. N3d4 Qd7 25. Nf3 g6 26. N5h4 Re8 27. e5 Ng8 28. d4 Ne7 29. Re1 Kg7 30. Qd3 Qe6 31. Ng2 g5 32. Qh7+ Kf8 33. Bf5 Nxf5 34. gxf5 Qxf5 35. Qxh6+ Kg8 36. Qxg5+ Qxg5 37. Nxg5 Bd8 38. h4 Kg7 39. Nxf4 Bxg5 40. hxg5 Bf5 41. Ng2 Rh8 42. Ne3 Be4 1-0

[Event "Essen op04"]
[Site "Essen"]
[Date "2005.04.13"]
[Round "6"]
[White "Kohlschmidt, Christoph"]
[Black "Vossen, Leo"]
[Result "1-0"]
[WhiteElo "1775"]
[BlackElo "1823"]
[PlyCount "69"]
[EventDate "2005.04.04"]
[EventType "swiss"]
[EventRounds "9"]
[EventCountry "GER"]
[SourceTitle "EXT 2007"]
[Source "ChessBase"]
[SourceDate "2006.11.23"]
[SourceVersion "1"]
[SourceVersionDate "2006.11.23"]
[SourceQuality "1"]

1. e4 c5 2. Nf3 g6 3. Nc3 Bg7 4. Bc4 Nc6 5. d3 d6 6. h3 Nf6 7. Be3 0-0 8. Qd2 a6 9. Bh6 e6 10. Bxg7 Kxg7 11. 0-0-0 b5 12. Bb3 Qc7 13. h4 h5 14. a3 Bb7 15. Ne2 c4 16. Ba2 d5 17. exd5 exd5 18. Ng3 Bc8 19. Rde1 Be6 20. d4 Ng4 21. c3 a5 22. Bb1 Rfe8 23. Qg5 Qd8 24. Nxh5+ Kh7 25. Qd2 b4 26. Ng5+ Kg8 27. Nxe6 Rxe6 28. Rxe6 fxe6 29. Bxg6 bxc3 30. bxc3 Qf8 31. Qg5 Qxa3+ 32. Kd2 Nxd4 33. Bc2+ Kf8 34. Qg7+ Ke8 35. Qxd4 1-0

[Event "Essen op04"]
[Site "Essen"]
[Date "2005.04.05"]
[Round "2"]
[White "Kohlschmidt, Christoph"]
[Black "Huebner, Eckardt"]
[Result "0-1"]
[WhiteElo "1775"]
[BlackElo "2053"]
[PlyCount "86"]
[EventDate "2005.04.04"]
[EventType "swiss"]
[EventRounds "9"]
[EventCountry "GER"]
[SourceTitle "EXT 2007"]
[Source "ChessBase"]
[SourceDate "2006.11.23"]
[SourceVersion "1"]
[SourceVersionDate "2006.11.23"]
[SourceQuality "1"]

1. e4 g6 2. d4 Bg7 3. f4 d6 4. Nf3 c6 5. Bd3 Nf6 6. 0-0 0-0 7. Nc3 Bg4 8. h3 Bxf3 9. Rxf3 Nbd7 10. e5 Ne8 11. g4 c5 12. f5 dxe5 13. fxg6 hxg6 14. d5 Nd6 15. Qe2 Rc8 16. Be3 e4 17. Bxe4 Nxe4 18. Nxe4 Ne5 19. Rf2 Qxd5 20. Nc3 Qc4 21. Re1 Qxe2 22. Rexe2 b6 23. Nd5 Nc6 24. c3 Rcd8 25. Nf4 Rd1+ 26. Rf1 Rxf1+ 27. Kxf1 Rd8 28. Rd2 Rxd2 29. Bxd2 e5 30. Nd5 f5 31. Bg5 Kf7 32. Ke2 Ke6 33. Ne3 Bf6 34. Bh6 f4 35. g5 Be7 36. Ng4 Kf5 37. Nf2 Bxg5 38. Bxg5 Kxg5 39. Kf3 Kf5 40. h4 e4+ 41. Kg2 e3 42. Nh3 Ne5 43. Ng5 Kg4 0-1

[Event "Ruhrgebiet Seniors op 12th"]
[Site "Essen"]
[Date "2005.04.04"]
[Round "1"]
[White "Daebel, Hasso"]
[Black "Kohlschmidt, Christoph"]
[Result "0-1"]
[WhiteElo "1477"]
[BlackElo "1775"]
[PlyCount "82"]
[EventDate "2005.04.04"]
[EventType "swiss"]
[EventRounds "9"]
[EventCountry "GER"]
[SourceTitle "EXT 2007"]
[Source "ChessBase"]
[SourceDate "2006.11.23"]
[SourceVersion "1"]
[SourceVersionDate "2006.11.23"]
[SourceQuality "1"]

1. c4 c5 2. Nc3 Nc6 3. g3 Nf6 4. Bg2 g6 5. d3 Bg7 6. Bg5 h6 7. Be3 d6 8. Qc1 Bd7 9. Nd5 Ng4 10. Bd2 e6 11. Nc3 a6 12. Ne4 Qe7 13. Bc3 Nd4 14. h3 Ne5 15. f4 d5 16. Nd2 Nec6 17. Kf2 0-0 18. Bxd4 cxd4 19. cxd5 exd5 20. Nb3 Rac8 21. Qd2 Nb4 22. a3 Qe3+ 23. Kf1 Nc2 24. Qxe3 Nxe3+ 25. Kf2 Ba4 26. Nc1 Rc2 27. b3 Bd7 28. Nf3 Rfc8 29. Re1 R8c3 30. Ng1 Bf6 31. Nf3 g5 32. fxg5 hxg5 33. g4 Rb2 34. Na2 Rcxb3 35. Nb4 a5 36. Nxd5 Nxd5 37. Nxg5 Bxg5 38. Bxd5 Rxd3 39. Kg2 Re3 40. Bc4 Bc6+ 41. Kf1 Rxh3 0-1

[Event "Ruhrgebiet-ch Seniors 10th"]
[Site "Essen"]
[Date "2003.04.08"]
[Round "8"]
[White "Kohlschmidt, Christoph"]
[Black "Mietner, Franz"]
[Result "0-1"]
[WhiteElo "1794"]
[BlackElo "1794"]
[PlyCount "104"]
[EventDate "2003.04.??"]
[EventType "swiss"]
[EventRounds "9"]
[EventCountry "GER"]
[SourceTitle "EXT 2006"]
[Source "ChessBase"]
[SourceDate "2005.11.24"]
[SourceVersion "1"]
[SourceVersionDate "2005.11.24"]
[SourceQuality "1"]

1. e4 c6 2. d4 d5 3. e5 Bf5 4. f4 e6 5. Nf3 Nd7 6. Nbd2 c5 7. c3 Rc8 8. Be2 h6 9. 0-0 cxd4 10. cxd4 Ne7 11. Nh4 Bh7 12. g4 Nc6 13. Nhf3 Nb4 14. Ne1 Bc2 15. Nxc2 Nxc2 16. Nb3 Nxa1 17. Nxa1 Qb6 18. Kg2 Be7 19. Rf3 0-0 20. g5 hxg5 21. fxg5 g6 22. Nb3 Kg7 23. Bd2 Qd8 24. h4 Rh8 25. Qf1 Qg8 26. Be1 Rc2 27. Kg3 Rc7 28. Bd3 Nb8 29. a3 b6 30. Bd2 a5 31. Nc1 Nc6 32. Ne2 Bd8 33. Be3 Ne7 34. Bf2 Qh7 35. Kg2 Nf5 36. Bxf5 gxf5 37. Bg3 Rc2 38. b3 Qh5 39. Qd1 Ra2 40. a4 Qg4 41. Kf2 Qe4 42. Re3 Qc2 43. Qxc2 Rxc2 44. Kf3 Be7 45. Nc3 Rc8 46. Ne2 Bb4 47. Rd3 Rd2 48. Ke3 Rcc2 49. Rxd2 Rxd2 50. h5 Rb2 51. Nf4 Bd2+ 52. Kd3 Bxf4 0-1

[Event "Ruhr-ch Seniors 9th"]
[Site "Essen"]
[Date "2002.03.11"]
[Round "4"]
[White "Kohlschmidt, Christoph"]
[Black "Klatt, Theodor"]
[Result "0-1"]
[WhiteElo "1786"]
[BlackElo "1876"]
[PlyCount "78"]
[EventDate "2002.03.??"]
[EventType "swiss"]
[EventRounds "9"]
[EventCountry "GER"]
[SourceTitle "EXT 2006"]
[Source "ChessBase"]
[SourceDate "2005.11.24"]
[SourceVersion "1"]
[SourceVersionDate "2005.11.24"]
[SourceQuality "1"]

1. e4 g6 2. Nc3 Bg7 3. d4 c6 4. f4 d5 5. e5 h5 6. Nf3 Nh6 7. h3 Nf5 8. Kf2 b5 9. Bd3 Qb6 10. g4 hxg4 11. hxg4 Nh6 12. g5 Nf5 13. Rxh8+ Bxh8 14. Qh1 Bg7 15. Qh7 Bf8 16. Bd2 Be6 17. Ne2 c5 18. c3 Nc6 19. dxc5 Qxc5+ 20. Nfd4 b4 21. cxb4 Qb6 22. Bxf5 Bxf5 23. Be3 Nxd4 24. Bxd4 Qxb4 25. Rc1 Qd2 26. Be3 Qd3 27. Qh4 Rc8 28. Qg3 Qa6 29. a3 e6 30. Bd4 Rxc1 31. Nxc1 Qa4 32. Ne2 Kd7 33. Qc3 Bg4 34. Nc1 Qd1 35. Bxa7 Qh1 36. Qe3 Qh2+ 37. Ke1 Qxb2 38. Bc5 d4 39. Bxd4 Qc2 0-1

[Event "Ruhr-ch Seniors 9th"]
[Site "Essen"]
[Date "2002.03.05"]
[Round "2"]
[White "Kohlschmidt, Christoph"]
[Black "Kuehler, Wolfgang"]
[Result "0-1"]
[WhiteElo "1786"]
[BlackElo "1988"]
[PlyCount "88"]
[EventDate "2002.03.??"]
[EventType "swiss"]
[EventRounds "9"]
[EventCountry "GER"]
[SourceTitle "EXT 2006"]
[Source "ChessBase"]
[SourceDate "2005.11.24"]
[SourceVersion "1"]
[SourceVersionDate "2005.11.24"]
[SourceQuality "1"]

1. e4 c5 2. Nf3 Nc6 3. d4 cxd4 4. Nxd4 Nf6 5. Nc3 d6 6. Bg5 e6 7. f4 Be7 8. Bb5 Bd7 9. Qd2 0-0 10. 0-0-0 Rc8 11. a3 Qc7 12. Bxc6 Bxc6 13. Rhe1 h6 14. Nxc6 Qxc6 15. Bxf6 Bxf6 16. Re3 Bxc3 17. Qxc3 Qxc3 18. Rxc3 Rxc3 19. bxc3 Rc8 20. Kb2 Rc6 21. Rd4 Kf8 22. Ra4 a6 23. c4 Ke7 24. Rb4 b6 25. Kc3 Kd7 26. Kd4 f6 27. h4 e5+ 28. Ke3 exf4+ 29. Kxf4 Ke6 30. g4 g5+ 31. hxg5 hxg5+ 32. Ke3 a5 33. Rb5 Rxc4 34. Kd3 Ra4 35. Rb3 b5 36. c3 Kd7 37. Rxb5 Rxa3 38. Rf5 Ke6 39. Kd4 Ra1 40. Kc4 Re1 41. Kd4 a4 42. Ra5 Ra1 43. c4 a3 44. Kc3 Rg1 0-1

[Event "EU-chT Seniors 03rd"]
[Site "Dresden"]
[Date "2001.02.28"]
[Round "3.3"]
[White "Funk, Paul"]
[Black "Kohlschmidt, Christoph"]
[Result "1-0"]
[WhiteElo "2133"]
[BlackElo "1826"]
[PlyCount "72"]
[EventDate "2001.02.26"]
[EventType "team-swiss"]
[EventRounds "7"]
[EventCountry "GER"]
[SourceTitle "EXT 2005"]
[Source "ChessBase"]
[SourceDate "2004.11.15"]
[SourceVersion "1"]
[SourceVersionDate "2004.11.15"]
[SourceQuality "1"]

1. d4 Nf6 2. Nf3 c5 3. e3 cxd4 4. exd4 d5 5. Bd3 g6 6. 0-0 Nc6 7. h3 Bg7 8. Re1 0-0 9. c3 Qc7 10. Be3 Ne4 11. Bxe4 dxe4 12. Ng5 f5 13. Qb3+ e6 14. Nxe6 Bxe6 15. Qxe6+ Kh8 16. g3 Rae8 17. Qc4 Qd7 18. Bf4 Rc8 19. Qe2 a6 20. Nd2 b5 21. Nb3 Ne7 22. Nc5 Qc6 23. Qd2 Rfd8 24. Bg5 Bf6 25. Qf4 Nd5 26. Qh4 Rd6 27. Rac1 Bg7 28. b4 Ra8 29. Bf4 Bf6 30. Be5 Kg7 31. g4 Re8 32. Qg3 Bxe5 33. dxe5 f4 34. Qg2 Rxe5 35. Rxe4 Re8 36. Rce1 Rxe4 1-0

[Event "Essen op04"]
[Site "Essen"]
[Date "2000.04.18"]
[Round "8"]
[White "Kohlschmidt, Christoph"]
[Black "Matthias, Kurt"]
[Result "1-0"]
[WhiteElo "1851"]
[BlackElo "1707"]
[PlyCount "73"]
[EventDate "2000.04.05"]
[EventType "swiss"]
[EventRounds "9"]
[EventCountry "GER"]
[SourceTitle "EXT 2007"]
[Source "ChessBase"]
[SourceDate "2006.11.23"]
[SourceVersion "1"]
[SourceVersionDate "2006.11.23"]
[SourceQuality "1"]

1. e4 e5 2. Nf3 Nc6 3. Bb5 a6 4. Ba4 Nf6 5. 0-0 Be7 6. Re1 b5 7. Bb3 d6 8. c3 Na5 9. Bc2 c5 10. d3 Qd7 11. Nbd2 Nc6 12. Nf1 0-0 13. h3 d5 14. Ng3 dxe4 15. dxe4 Re8 16. a4 b4 17. Be3 a5 18. Bd3 Bb7 19. Qe2 Bf8 20. Bb5 Red8 21. Bg5 Na7 22. Bxf6 Nxb5 23. Bxd8 Qxd8 24. axb5 Qc7 25. c4 a4 26. Qc2 b3 27. Qc3 f6 28. Qe3 Qf7 29. Qe2 Be7 30. Nf5 Bf8 31. Nd2 g6 32. Ne3 Bg7 33. Nd5 f5 34. Nc3 Bh6 35. Nxa4 Bxd2 36. Qxd2 Qxc4 37. Nb6 1-0

[Event "Essen op04"]
[Site "Essen"]
[Date "2000.04.07"]
[Round "3"]
[White "Kohlschmidt, Christoph"]
[Black "Kotzem, Ernst"]
[Result "0-1"]
[WhiteElo "1851"]
[BlackElo "1992"]
[PlyCount "78"]
[EventDate "2000.04.05"]
[EventType "swiss"]
[EventRounds "9"]
[EventCountry "GER"]
[SourceTitle "EXT 2007"]
[Source "ChessBase"]
[SourceDate "2006.11.23"]
[SourceVersion "1"]
[SourceVersionDate "2006.11.23"]
[SourceQuality "1"]

1. e4 e5 2. Nf3 Nc6 3. Bb5 a6 4. Ba4 Nf6 5. 0-0 b5 6. Bb3 Be7 7. Re1 0-0 8. c3 d5 9. exd5 Nxd5 10. d4 exd4 11. Ne5 Nxe5 12. Rxe5 Nf6 13. Bg5 Bd6 14. Rd5 c5 15. cxd4 c4 16. Bc2 Bxh2+ 17. Kxh2 Qxd5 18. Bxf6 gxf6 19. Nc3 Qg5 20. Qf3 Bg4 21. Qg3 Bh5 22. Ne4 Qxg3+ 23. Kxg3 Kg7 24. Kf4 Bg6 25. Rh1 Rad8 26. Rd1 Rd5 27. g4 Rfd8 28. Ke3 f5 29. gxf5 Bxf5 30. f3 b4 31. Rg1+ Bg6 32. f4 f5 33. Ng3 Kf6 34. Rd1 h5 35. Ne2 h4 36. Rd2 Bh5 37. Ng1 Bg4 38. Bd1 Re8+ 39. Kf2 Re4 0-1

[Event "Ruhrgebiet VK2 9900"]
[Site "Ruhrgebiet"]
[Date "2000.03.19"]
[Round "7"]
[White "Kohlschmidt, Christoph"]
[Black "Zekat, Uwe"]
[Result "0-1"]
[WhiteElo "1851"]
[BlackElo "1771"]
[PlyCount "82"]
[EventDate "1999.09.19"]
[EventType "team-tourn"]
[EventRounds "9"]
[EventCountry "GER"]
[SourceTitle "EXT 2024"]
[Source "ChessBase"]
[SourceDate "2023.10.10"]
[SourceVersion "1"]
[SourceVersionDate "2023.10.10"]
[SourceQuality "1"]

1. e4 e6 2. d4 b6 3. f4 Bb7 4. Bd3 Nf6 5. Nd2 Be7 6. Nh3 c5 7. 0-0 cxd4 8. e5 Nd5 9. Qg4 g6 10. Nc4 Qc7 11. a3 Nc6 12. Ng5 b5 13. Nd6+ Bxd6 14. exd6 Qxd6 15. Ne4 Qe7 16. Qg3 f5 17. Ng5 a6 18. Bd2 0-0-0 19. c4 dxc3 20. bxc3 h6 21. Nf3 Qc5+ 22. Kh1 Rdg8 23. Rfc1 Nb6 24. Nd4 Nc4 25. Be1 g5 26. Nb3 Qd5 27. Bf1 gxf4 28. Qxf4 N6e5 29. Bg3 Rg4 30. Qf2 Rhg8 31. Rd1 Qc6 32. Rd4 h5 33. Rad1 h4 34. Rxg4 Rxg4 35. Bxh4 Ng6 36. Bg3 f4 37. Bxc4 Qxc4 38. Na5 fxg3 39. hxg3 Qc7 40. Nxb7 Qxb7 41. Qc5+ Qc7 0-1

[Event "Essen Seniors op"]
[Site "Essen"]
[Date "1999.03.26"]
[Round "6"]
[White "Kotzem, Ernst"]
[Black "Kohlschmidt, Christoph"]
[Result "1-0"]
[WhiteElo "1943"]
[BlackElo "1789"]
[PlyCount "73"]
[EventDate "1999.03.16"]
[EventType "swiss"]
[EventRounds "9"]
[EventCountry "GER"]
[SourceTitle "EXT 2008"]
[Source "ChessBase"]
[SourceDate "2007.11.25"]
[SourceVersion "1"]
[SourceVersionDate "2007.11.25"]
[SourceQuality "1"]

1. e4 e5 2. Nf3 Nc6 3. Bc4 Bc5 4. c3 Nf6 5. d4 exd4 6. 0-0 0-0 7. cxd4 Bb6 8. d5 Ne7 9. e5 Ne8 10. d6 cxd6 11. exd6 Ng6 12. Bg5 Nf6 13. Nc3 h6 14. Qd3 Nh8 15. Bh4 g5 16. Nxg5 hxg5 17. Bxg5 Re8 18. Qf5 Bd4 19. Rfe1 Re6 20. Ne4 Kg7 21. Bxe6 dxe6 22. Qh3 Ng6 23. Qh6+ Kg8 24. h4 Ng4 25. Qxg6+ fxg6 26. Bxd8 Bd7 27. Rad1 e5 28. Nf6+ Nxf6 29. Bxf6 Rf8 30. Rxd4 exd4 31. Bxd4 a6 32. Re7 Rf7 33. Re3 Rf4 34. Be5 Rxh4 35. Rg3 Rg4 36. Rc3 Kf8 37. Bg3 1-0